MARC

LEADER 00000cam a2200000 7i4500
001 0000016616
005 20071128.0
040 |a INS 
090 0 0 |a MTCP 48 
245 1 0 |a International certificate course in property taxation   |c Institut Penilaian Negara 
260 |a Bangi :   |b Institut Penilaian Negara ,   |c 2005 
300 |a Mukasurat pelbagai :   |b ill. ;   |c 29cm. 
500 |a Course held on 9March - 20 April 2005 
650 0 0 |a Real property tax 
856 |u http://app.inspen.gov.my:7779/pls/portal/docs/PAGE/CORPORATEPAGES/PORTAL_INSPEN/NOTA_KURSUS/MTCP/CI)%20INTERNATIONAL%20CERTIFICATE%20COURSE%20IN%20PROPERTY%20TAXATION.PDF 
999 |a MTCP000069   |b BOOK   |c Course Notes   |e Default branch 
999 |a MTCP000090   |b BOOK   |c Course Notes   |e Default branch